000 00243nam a2200097Ia 4500
001 1251152
005 20251031150910.0
008 251031s9999 xx 000 0 und d
245 0 _cMURAT MURAT
_aI-4 GEZEGEN REHBERİ
260 _bCEZVE YAYINLARI
999 _c1251152
_d1251152